Ptáci na zahradě : poznej 85 zajímavých druhů /

Hlavní autor: Haag, Holger
Další autoři: Koubková, Jitka
Jazyk: Čeština
Vydáno: Praha : Grada, 2022
Vydání: První vydání
Edice: Příroda pro děti
Témata:
Fyzický popis: 110 stran : barevné ilustrace ; 20 cm
Knihy
Uloženo v:
LEADER 02457nam a2200721 i 4500
001 nkc20223393785
003 CZ PrNK
005 20220421105641.0
007 ta
008 220131s2022 xr a c f 001 0 cze
015 |a cnb003393785 
020 |a 978-80-271-3417-5  |q (brožováno) :  |c Kč 249,00 
035 |a (OCoLC)1310113498 
040 |a BOA001  |b cze  |d ABA001  |e rda 
041 1 |a cze  |h ger 
043 |a ec----- 
072 7 |a 59  |x Zoologie  |2 Konspekt  |9 2 
072 7 |a 0/9-053.2  |x Literatura pro děti a mládež (naučná)  |2 Konspekt  |9 26 
080 |a 598.2  |2 MRF 
080 |a 574.2(256/257)  |2 MRF 
080 |a 591.5  |2 MRF 
080 |a 57.081.1  |2 MRF 
080 |a 591.9  |2 MRF 
080 |a (4-191.2)  |2 MRF 
080 |a (0.062)  |2 MRF 
080 |a (084.42)  |2 MRF 
080 |a (0.053.2)  |2 MRF 
100 1 |a Haag, Holger  |7 pag2009515316  |4 aut 
240 1 0 |a Welcher Gartenvogel ist das?.  |l Česky 
245 1 0 |a Ptáci na zahradě :  |b poznej 85 zajímavých druhů /  |c Holger Haag ; přeložila: Jitka Koubková 
250 |a První vydání 
264 1 |a Praha :  |b Grada,  |c 2022 
300 |a 110 stran :  |b barevné ilustrace ;  |c 20 cm 
336 |a text  |b txt  |2 rdacontent 
336 |a statický obraz  |b sti  |2 rdacontent 
337 |a bez média  |b n  |2 rdamedia 
338 |a svazek  |b nc  |2 rdacarrier 
490 1 |a Příroda pro děti 
500 |a Přeloženo z němčiny 
500 |a Obsahuje rejstřík 
650 0 7 |a ptáci  |7 ph115956  |2 czenas 
650 0 7 |a zahradní biotopy  |7 ph968097  |2 czenas 
650 0 7 |a ekologie živočichů  |7 ph114419  |2 czenas 
650 0 7 |a fauna  |7 ph114529  |z Evropa střední  |2 czenas 
650 0 7 |a pozorování přírody  |7 ph124478  |2 czenas 
650 0 9 |a birds  |2 eczenas 
650 0 9 |a garden biotopes  |2 eczenas 
650 0 9 |a animal ecology  |2 eczenas 
650 0 9 |a fauna  |z Europe, Central  |2 eczenas 
650 0 9 |a nature observations  |2 eczenas 
655 7 |a populárně-naučné publikace  |7 fd131864  |2 czenas 
655 7 |a atlasy  |7 fd131835  |2 czenas 
655 7 |a publikace pro děti  |7 fd133156  |2 czenas 
655 9 |a popular works  |2 eczenas 
655 9 |a atlases  |2 eczenas 
655 9 |a children's literature  |2 eczenas 
700 1 |a Koubková, Jitka  |7 mzk2007423989  |4 trl 
830 0 |a Příroda pro děti  |0 s 
910 2 |a BOA001  |b 1-1481.516 
990 |a BK 
995 |a 01 
991 |b 202203  |c NOV 
996 6 |b 2610893738  |c 1-1481.516  |l MZK  |r Sklad / do 1 hodiny  |n 0  |p p.v.  |w 001877797  |u 000010  |a 1  |e BOA001  |j MZK50  |s P